| 000 | 00419nam a22001697a 4500 | ||
|---|---|---|---|
| 005 | 20260413114009.0 | ||
| 008 | 160625b xxu||||| |||| 00| 0 eng d | ||
| 020 | _a81-259-1125-1 | ||
| 041 | _aeng | ||
| 082 | _a651.3 | ||
| 100 |
_aKuchhal, M.C. _94361 |
||
| 245 | _aSecretarial Practice | ||
| 260 |
_aNew Delhi _bVikas Publishing House (P) Ltd. _c2004 |
||
| 300 | _a600 | ||
| 650 |
_aNon-fiction _98975 |
||
| 942 | _cBK | ||
| 999 |
_c3959 _d3958 |
||